000 01039nam a22002417a 4500
005 20240530110434.0
008 150406s2010 jo ad g b 000 0 eng d
017 _a2009/6/2806
_bالمملكة الاردنية الهاشمية . المكتبة الوطنية
040 _aEG-CaGPL
082 0 4 _221
_a371.3\
_bص ط
100 0 _aصباح محمود
245 1 0 _aطرائق تدريس الجغرافيا /
_cصباح محمود ، ابراهيم القاعود ، محمد المومنى
260 _aالاردن :
_bدار الامل للنشر و التوزيع ،
_c2010.
300 _a289 ص :
_bجداول ؛
_c24 سم.
504 _aيشتمل على ارجاعات ببليوجرافية
650 0 4 _aالتدريس
650 0 4 _aالجغرافيا
_xطرق التدريس
650 0 4 _aالوسائل التعليمية
700 0 _aابراهيم القاعود
_eمؤلف مشارك
700 0 _aمحمد المومنى
_eمؤلف مشارك
942 _2ddc
_cBK
999 _c60915
_d60915